نسمات أردنية /شعر / (رقم التسجيلة. 134076)

تفاصيل مارك
000 -LEADER
fixed length control field 00515nam a22001817a 4500
005 - DATE AND TIME OF LATEST TRANSACTION
control field 20251108175433.0
008 - FIXED-LENGTH DATA ELEMENTS--GENERAL INFORMATION
fixed length control field 250721s2015 xx 000 0 ara d
082 14 - DEWEY DECIMAL CLASSIFICATION NUMBER
Classification number 811.9565/يعق
100 1# - MAIN ENTRY--PERSONAL NAME
Personal name يعقوب، سعيد
245 10 - TITLE STATEMENT
Title نسمات أردنية /شعر /
264 1# - PRODUCTION, PUBLICATION, DISTRIBUTION, MANUFACTURE, AND COPYRIGHT NOTICE
Place of production, publication, distribution, manufacture عمان :
Name of producer, publisher, distributor, manufacturer امواج للنشر والتوزيع،
Date of production, publication, distribution, manufacture, or copyright notice 2015.
300 ## - PHYSICAL DESCRIPTION
Extent 168ص.
650 17 - SUBJECT ADDED ENTRY--TOPICAL TERM
Topical term or geographic name as entry element الشعر العربي
650 17 - SUBJECT ADDED ENTRY--TOPICAL TERM
Topical term or geographic name as entry element العصر الحديث
650 17 - SUBJECT ADDED ENTRY--TOPICAL TERM
Topical term or geographic name as entry element الأردن
942 ## - ADDED ENTRY ELEMENTS (KOHA)
Source of classification or shelving scheme Dewey Decimal Classification
Koha item type كتب
المقتنيات
حالة السحب حالة الفقدان مصدر التصنيف حالة التلف غير قابل للإعارة المكتبة الرئيسية المكتبة الحالية موقع الرف تاريخ التزويد الرقم المتسلسل Total Checkouts رقم الإستدعاء الباركود تاريخ آخر ظهور تاريخ الفاتورة نوع المادة (كوها)
    Dewey Decimal Classification     المكتبة المركزية المكتبة المركزية الإعارة 28/07/2025 1621243   811.9565/يعق PLD00368598 28/07/2025 28/07/2025 كتب
    Dewey Decimal Classification     المكتبة المركزية المكتبة المركزية مقتنيات قسم التزويد 20/01/2016 1621244   811.9565/يعق PLD00369492 28/07/2025 20/01/2016 كتب
    Dewey Decimal Classification     المكتبة المركزية المكتبة المركزية مقتنيات قسم التزويد 20/01/2016 1621245   811.9565/يعق PLD00369493 28/07/2025 20/01/2016 كتب
    Dewey Decimal Classification     مكتبة أبو علندا العامة مكتبة أبو علندا العامة الإعارة 20/01/2016 1621255   811.9565/يعق PLD00369503 28/07/2025 20/01/2016 كتب
    Dewey Decimal Classification     مكتبة الأميرة ايمان العامة مكتبة الأميرة ايمان العامة الإعارة 20/01/2016 1621253   811.9565/يعق PLD00369501 28/07/2025 20/01/2016 كتب
    Dewey Decimal Classification     مكتبة الاميرة بديعة مكتبة الاميرة بديعة الإعارة 20/01/2016 1621249   811.9565/يعق PLD00369497 28/07/2025 20/01/2016 كتب
    Dewey Decimal Classification     مكتبة الجويدة مكتبة الجويدة الإعارة 20/01/2016 1621247   811.9565/يعق PLD00369495 28/07/2025 20/01/2016 كتب
    Dewey Decimal Classification     مكتبة الحسن العامة مكتبة الحسن العامة الإعارة 20/01/2016 1621252   811.9565/يعق PLD00369500 28/07/2025 20/01/2016 كتب
    Dewey Decimal Classification     مكتبة النصر العامة مكتبة النصر العامة الإعارة 20/01/2016 1621246   811.9565/يعق PLD00369494 28/07/2025 20/01/2016 كتب
    Dewey Decimal Classification     مكتبة حمزة العامة مكتبة حمزة العامة الإعارة 20/01/2016 1621257   811.9565/يعق PLD00369505 28/07/2025 20/01/2016 كتب
    Dewey Decimal Classification     مكتبة صويلح العامة مكتبة صويلح العامة الإعارة 20/01/2016 1621254   811.9565/يعق PLD00369502 28/07/2025 20/01/2016 كتب
    Dewey Decimal Classification     مكتبة وادي السير العامة مكتبة وادي السير العامة الإعارة 20/01/2016 1621256   811.9565/يعق PLD00369504 28/07/2025 20/01/2016 كتب
Implemented & Customized by: BBB with SCIT (Smart Chains for Information Technology)

Powered by Koha